000 00981nam a2200289 i 4500
001 bg
003 BPK
005 20190919090819.0
008 020904s2002 pl f f |000 0 pol
015 _aPB 2002/13917
020 _a8373340874
040 _aWA N
_cBPK
041 0 _apol
080 _a347.91/.95(438)
080 _a(083)
100 1 _aManowska, Małgorzata.
245 1 0 _aPostępowanie uproszczone w procesie cywilnym /
_cMałgorzata Manowska.
250 _aWyd. 2 zm., według stanu prawnego na dzień 15 lipca 2002 r.
260 _aWarszawa :
_bWydaw. Prawnicze "LexisNexis",
_c2002.
300 _a162, [2] s. ;
_c21 cm.
504 _aBibliogr.
650 4 _aPostępowanie uproszczone
_zPolska.
650 4 _aPostępowanie cywilne
_zPolska.
710 2 _aWydawnictwo Prawnicze LexisNexis
_4pbl.
856 _uhttp://koha.tu.koszalin.pl/cgi-bin/koha/opac-detail.pl?biblionumber=43013
_yKatalog online BPK
942 _2UKD
_cKS
999 _c43013
_d43013